MDQL
is popping MORE tags! Check the
thread
!
Quizzes
Events
Quiz Creation
Community
Videos
Private Events
Remove Ads
Sign In
Join for FREE
Feedback
Dark Mode
Quiz Categories
Sports
Geography
Music
Movies
Television
Just For Fun
Miscellaneous
History
Literature
Language
Science
Gaming
Entertainment
Religion
Holiday
For Kids
Quiz Lab
Recent
Popular Today
Quiz Kudos Today
Editor Picks
Curator Picks
Quizzes by...
Day
Popularity
Type
Ratings
Length
Year
Community
Subscriptions
Recent Discussions
Orange Saloon
Badges
Playlists
Quests
Create
Leaderboards
Showdown
Live 5
Trivia Bingo
Activity
Puzzle Library
Sporcle Events
Private Events
Virtual Trivia
Globe League
Become a Host
Pub Owners
SporcleCon
Opinionation
Our Games
Videos
Blog
Mobile Apps
Partnerships
Remove Ads and Go Orange
Feedback
Sports
Athletes
MLB
NBA
NHL
NFL
Soccer
Sports Teams
WWE
NCAA
Football
Premier League
Basketball
Baseball
Hockey
Golf
Tennis
Cricket
Rugby
Auto Racing
Olympics
World Cup
Sports
Athletes
MLB
NBA
NHL
NFL
Soccer
Sports Teams
WWE
NCAA
Football
Premier League
Basketball
Baseball
Hockey
Golf
Tennis
Cricket
Rugby
Auto Racing
Olympics
World Cup
Random Quiz
Search Sporcle
×
Quiz Lab
Quiz Lab
Sports
NBA
Type in answers that appear in a list
Type in answers that appear in a list
Classic
Best Score? Go Orange.
2011/2012 NBA Rosters Top 10 Minutes Per Game Players Stats
Can you name the 2011/2012 top10 NBA mpg players per team?
By
jfdan
20m
300 Questions
204 Plays
204 Plays
204 Plays
Comments
Comments
Give Quiz Kudos
Give Quiz Kudos
-
- Ratings
hide this ad
More Info
Replay
Link that replays current quiz
Next Quiz
Link to next quiz in quiz playlist
You Got
0%
They Got
Avg Score
61%
Avg Friend Score
Upgrade to see
Score Distribution
Jump to the score distribution portion of the page
Score
0/300
Timer
20:00
0
Plays Today
Team
Player
% Correct
Los Angeles Lakers
Kobe Bryant
97.5%
Los Angeles Lakers
Pau Gasol
97.1%
Memphis Grizzlies
Marc Gasol
96.6%
Miami Heat
LeBron James
92.6%
New Jersey Nets
Damion James
92.6%
Boston Celtics
Ray Allen
92.2%
Memphis Grizzlies
Tony Allen
92.2%
Philadelphia 76ers
Lavoy Allen
92.2%
Boston Celtics
Paul Pierce
91.2%
Boston Celtics
Kevin Garnett
91.2%
Boston Celtics
Rajon Rondo
90.7%
Miami Heat
Dwyane Wade
90.2%
Dallas Mavericks
Delonte West
90.2%
Indiana Pacers
David West
90.2%
Miami Heat
Chris Bosh
89.7%
Chicago Bulls
Derrick Rose
89.7%
Orlando Magic
Dwight Howard
89.7%
Los Angeles Clippers
Mo Williams
89.7%
Utah Jazz
Josh Howard
89.7%
Atlanta Hawks
Marvin Williams
89.7%
Philadelphia 76ers
Louis Williams
89.7%
Minnesota Timberwolves
Derrick Williams
89.7%
New Jersey Nets
Deron Williams
89.7%
New Jersey Nets
Shelden Williams
89.7%
Charlotte Bobcats
Reggie Williams
89.7%
Los Angeles Lakers
Andrew Bynum
89.2%
Los Angeles Lakers
Metta World Peace
89.2%
San Antonio Spurs
Tony Parker
88.7%
New York Knicks
Carmelo Anthony
88.7%
Atlanta Hawks
Joe Johnson
88.7%
Cleveland Cavaliers
Anthony Parker
88.7%
Minnesota Timberwolves
Wesley Johnson
88.7%
Toronto Raptors
James Johnson
88.7%
Toronto Raptors
Amir Johnson
88.7%
Miami Heat
Joel Anthony
88.2%
San Antonio Spurs
Tim Duncan
88.2%
Oklahoma City Thunder
Kevin Durant
87.7%
Oklahoma City Thunder
Russell Westbrook
87.7%
New York Knicks
J.R. Smith
87.3%
Memphis Grizzlies
Zach Randolph
87.3%
Atlanta Hawks
Josh Smith
87.3%
Portland Trail Blazers
Craig Smith
87.3%
New Orleans Hornets
Jason Smith
87.3%
Orlando Magic
Glen Davis
86.8%
Dallas Mavericks
Dirk Nowitzki
86.8%
Los Angeles Clippers
Chris Paul
86.8%
Toronto Raptors
Ed Davis
86.8%
Los Angeles Clippers
Blake Griffin
85.8%
Minnesota Timberwolves
Kevin Love
85.8%
Washington Wizards
John Wall
85.8%
Phoenix Suns
Steve Nash
85.3%
Memphis Grizzlies
Rudy Gay
84.8%
Oklahoma City Thunder
James Harden
84.3%
Milwaukee Bucks
Monta Ellis
84.3%
Golden State Warriors
Stephen Curry
84.3%
Oklahoma City Thunder
Derek Fisher
83.8%
Indiana Pacers
George Hill
83.3%
Phoenix Suns
Grant Hill
83.3%
Oklahoma City Thunder
Kendrick Perkins
82.8%
Memphis Grizzlies
Mike Conley
82.8%
Chicago Bulls
Joakim Noah
81.9%
Chicago Bulls
Luol Deng
81.9%
San Antonio Spurs
Manu Ginobili
81.9%
Dallas Mavericks
Jason Kidd
81.9%
New Orleans Hornets
Jarret Jack
81.9%
Miami Heat
Mike Miller
81.4%
New York Knicks
Tyson Chandler
81.4%
Denver Nuggets
Wilson Chandler
81.4%
Denver Nuggets
Andre Miller
81.4%
Houston Rockets
Courtney Lee
81.4%
Golden State Warriors
David Lee
81.4%
San Antonio Spurs
Danny Green
80.9%
Atlanta Hawks
Willie Green
80.9%
New Jersey Nets
Gerald Green
80.9%
New York Knicks
Amare Stoudemire
80.4%
Utah Jazz
Al Jefferson
80.4%
Philadelphia 76ers
Andrew Iguodala
80.4%
Golden State Warriors
Richard Jefferson
80.4%
Detroit Pistons
Ben Gordon
80.4%
New Orleans Hornets
Eric Gordon
80.4%
Oklahoma City Thunder
Serge Ibaka
79.9%
Los Angeles Clippers
DeAndre Jordan
79.9%
Minnesota Timberwolves
Ricky Rubio
79.9%
Orlando Magic
Ryan Anderson
79.4%
San Antonio Spurs
Stephen Jackson
79.4%
Cleveland Cavaliers
Tristan Thompson
79.4%
Golden State Warriors
Klay Thompson
79.4%
Sacramento Kings
Jason Thompson
79.4%
Denver Nuggets
Ty Lawson
78.9%
Indiana Pacers
Dahntay Jones
78.9%
Dallas Mavericks
Vince Carter
78.4%
Portland Trail Blazers
LaMarcus Aldridge
78.4%
Miami Heat
Mario Chalmers
77.9%
Chicago Bulls
Carlos Boozer
77.9%
Utah Jazz
Paul MIllsap
77.9%
Cleveland Cavaliers
Kyrie Irving
77.9%
Los Angeles Clippers
Kenyon Martin
77.5%
Houston Rockets
Kevin Martin
77.5%
Los Angeles Clippers
Nick Young
77%
Atlanta Hawks
Al Horford
77%
Team
Player
% Correct
Philadelphia 76ers
Thaddeus Young
77%
Chicago Bulls
Richard Hamilton
76.5%
Detroit Pistons
Ben Wallace
76.5%
New Jersey Nets
Gerald Wallace
76.5%
Orlando Magic
Jameer Nelson
76%
Los Angeles Clippers
Caron Butler
76%
Toronto Raptors
Rasual Butler
76%
Washington Wizards
Nene Hilario
76%
Oklahoma City Thunder
Nick Collison
75.5%
Indiana Pacers
Darren Collison
75.5%
Cleveland Cavaliers
Antawn Jamison
75.5%
Sacramento Kings
DeMarcus Cousins
75.5%
Los Angeles Clippers
Chauncey Billups
75%
Sacramento Kings
Tyreke Evans
75%
Washington Wizards
Maurice Evans
75%
Dallas Mavericks
Shawn Marion
74.5%
Memphis Grizzlies
O.J. Mayo
74.5%
Indiana Pacers
Danny Granger
74.5%
Denver Nuggets
Danilo Gallinari
74%
Utah Jazz
Devin Harris
74%
Indiana Pacers
Paul George
74%
Cleveland Cavaliers
Manny Harris
74%
New Jersey Nets
Brook Lopez
74%
Philadelphia 76ers
Jrue Holiday
73.5%
New York Knicks
Jeremy Lin
73%
Atlanta Hawks
Jeff Teague
73%
Dallas Mavericks
Jason Terry
72.5%
Houston Rockets
Kyle Lowry
72.5%
Phoenix Suns
Shannon Brown
72.5%
Charlotte Bobcats
Derrick Brown
72.5%
Boston Celtics
Jermaine O'Neal
71.1%
Indiana Pacers
Roy Hibbert
71.1%
Chicago Bulls
Kyle Korver
70.6%
Orlando Magic
Jason Richardson
70.6%
Orlando Magic
Quentin Richardson
70.6%
Milwaukee Bucks
Brandon Jennings
70.6%
Miami Heat
Shane Battier
69.6%
Houston Rockets
Luis Scola
69.6%
Detroit Pistons
Tayshaun Prince
69.6%
Portland Trail Blazers
Kurt Thomas
69.1%
Sacramento Kings
Isaiah Thomas
69.1%
Charlotte Bobcats
Tyrus Thomas
69.1%
Chicago Bulls
Taj Gibson
68.6%
Cleveland Cavaliers
Daniel Gibson
68.6%
Phoenix Suns
Marcin Gortat
68.6%
Toronto Raptors
DeMar DeRozan
68.6%
Los Angeles Lakers
Ramon Sessions
68.1%
Dallas Mavericks
Lamar Odom
67.6%
Denver Nuggets
JaVale McGee
67.6%
Orlando Magic
Hedo Turkoglu
67.2%
New York Knicks
Bill Walker
67.2%
Portland Trail Blazers
Jamal Crawford
67.2%
Washington Wizards
Jordan Crawford
67.2%
Charlotte Bobcats
Kemba Walker
67.2%
Washington Wizards
Rasharn Lewis
66.2%
Miami Heat
Udonis Haslem
65.7%
Detroit Pistons
Greg Monroe
65.7%
Philadelphia 76ers
Elton Brand
65.2%
Portland Trail Blazers
Nicolas Batum
65.2%
Toronto Raptors
Jose Calderon
65.2%
Los Angeles Lakers
Matt Barnes
64.2%
Portland Trail Blazers
Raymond Felton
64.2%
Toronto Raptors
Andrea Bargnani
64.2%
Utah Jazz
Gordon Hayward
63.7%
Atlanta Hawks
Kirk Hinrich
63.7%
Boston Celtics
Brandon Bass
63.2%
San Antonio Spurs
Kawhi Leonard
63.2%
Oklahoma City Thunder
Thabo Sefolosha
61.8%
Golden State Warriors
Nate Robinson
61.8%
Portland Trail Blazers
Wesley Matthews
61.8%
New Orleans Hornets
Trevor Ariza
61.8%
Orlando Magic
J.J. Redick
60.8%
Denver Nuggets
Arron Afflalo
60.8%
Cleveland Cavaliers
Anderson Varejao
60.8%
Boston Celtics
Avery Bradley
60.3%
Detroit Pistons
Rodney Stuckey
60.3%
Los Angeles Lakers
Steve Blake
58.8%
Chicago Bulls
Ronnie Brewer
58.8%
Denver Nuggets
Corey Brewer
58.8%
Philadelphia 76ers
Spencer Hawes
58.3%
New Jersey Nets
MarShon Brooks
58.3%
New York Knicks
Landry Fields
57.8%
New York Knicks
Iman Shumpert
57.4%
Atlanta Hawks
Tracy McGrady
57.4%
Philadelphia 76ers
Evan Turner
57.4%
Houston Rockets
Goran Dragic
56.9%
Phoenix Suns
Markieff Morris
56.9%
Minnesota Timberwolves
Nikola Pekovic
56.9%
Detroit Pistons
Brandon Knight
56.9%
Houston Rockets
Marcus Camby
56.4%
Minnesota Timberwolves
Michael Beasley
56.4%
Chicago Bulls
C.J. Watson
55.9%
Dallas Mavericks
Brendan Haywood
55.9%
Utah Jazz
Earl Watson
55.9%
Denver Nuggets
Kenneth Faried
55.4%
Miami Heat
Norris Cole
54.9%
Minnesota Timberwolves
Jose Barea
54.9%
New Orleans Hornets
Chris Kaman
54.4%
New Orleans Hornets
Emeka Okafor
54.4%
Charlotte Bobcats
D.J. Augustin
54.4%
Team
Player
% Correct
Chicago Bulls
Omer Asik
53.4%
Utah Jazz
Derrick Favors
53.4%
Houston Rockets
Samuel Dalembert
52.9%
Golden State Warriors
Dorell Wright
52.9%
Phoenix Suns
Jared Dudley
52%
Phoenix Suns
Channing Frye
52%
Memphis Grizzlies
Gilbert Arenas
51.5%
New Jersey Nets
Kris Humphries
51.5%
Minnesota Timberwolves
Luke Ridnour
50.5%
Charlotte Bobcats
Gerald Henderson
50%
Milwaukee Bucks
Ersan Ilyasova
49.5%
Milwaukee Bucks
Mike Dunleavy
48%
San Antonio Spurs
Tiago Splitter
47.5%
Utah Jazz
Raja Bell
47.1%
Indiana Pacers
Leandro Barbosa
47.1%
Charlotte Bobcats
Corey Maggette
46.6%
San Antonio Spurs
DeJuan Blair
46.1%
Sacramento Kings
Marcus Thornton
46.1%
Houston Rockets
Chandler Parsons
45.1%
Golden State Warriors
Andris Biedrins
45.1%
Los Angeles Clippers
Randy Foye
44.6%
Utah Jazz
C.J. Miles
44.6%
Portland Trail Blazers
J.J. Hickson
44.6%
San Antonio Spurs
Matt Bonner
44.1%
Atlanta Hawks
Zaza Pachulia
44.1%
Indiana Pacers
Tyler Hansbrough
43.6%
Denver Nuggets
Al Harrington
43.1%
Los Angeles Lakers
Troy Murphy
42.6%
New Orleans Hornets
Marco Belinelli
42.2%
Washington Wizards
Andray Blatche
42.2%
New Orleans Hornets
Carl Landry
41.2%
Sacramento Kings
John Salmons
40.7%
Philadelphia 76ers
Nikola Vucevic
40.2%
Milwaukee Bucks
Drew Gooden
39.7%
New Jersey Nets
Anthony Morrow
39.7%
Houston Rockets
Chase Budinger
39.2%
Charlotte Bobcats
Bismack Biyombo
39.2%
Los Angeles Lakers
Josh McRoberts
38.2%
San Antonio Spurs
Gary Neal
38.2%
Milwaukee Bucks
Beno Udrih
38.2%
Sacramento Kings
Chuck Hayes
37.7%
New Jersey Nets
Jordan Farmar
37.7%
New Orleans Hornets
Greivis Vasquez
36.8%
Charlotte Bobcats
D.J. White
36.8%
Memphis Grizzlies
Marreese Speights
36.3%
Philadelphia 76ers
Jodie Meeks
35.8%
Boston Celtics
Mickael Pietrus
35.3%
Milwaukee Bucks
Ekpe Udoh
35.3%
Houston Rockets
Patrick Patterson
34.8%
Milwaukee Bucks
Luc Mbah a Moute
34.3%
Miami Heat
Ronny Turiaf
33.8%
New York Knicks
Toney Douglas
33.8%
Denver Nuggets
Rudy Fernandez
33.8%
Detroit Pistons
Jonas Jerebko
33.3%
Sacramento Kings
Jimmer Fredette
32.8%
Utah Jazz
Alec Burks
32.4%
Cleveland Cavaliers
Alonzo Gee
31.9%
Minnesota Timberwolves
Martell Webster
31.4%
Oklahoma City Thunder
Daequan Cook
30.9%
Toronto Raptors
Jerryd Bayless
30.4%
Golden State Warriors
Brandon Rush
29.9%
Detroit Pistons
Jason Maxiell
29.9%
Dallas Mavericks
Ian Mahinmi
29.4%
Cleveland Cavaliers
Omri Casspi
28.4%
Minnesota Timberwolves
Wayne Ellington
28.4%
Oklahoma City Thunder
Eric Maynor
27.9%
Portland Trail Blazers
Jonny Flynn
27.9%
Memphis Grizzlies
Dante Cunningham
27.5%
Washington Wizards
Trevor Booker
27.5%
Milwaukee Bucks
Carlos Delfino
27%
Memphis Grizzlies
Quincy Pondexter
26%
Indiana Pacers
A.J. Price
26%
Phoenix Suns
Ronnie Price
26%
Boston Celtics
Keyon Dooling
25.5%
Orlando Magic
Chris Duhon
24.5%
New York Knicks
Jared Jeffries
24%
Portland Trail Blazers
Joel Przybilla
24%
Los Angeles Lakers
Devin Ebanks
23.5%
Milwaukee Bucks
Shaun Livingston
23.5%
Dallas Mavericks
Rodrigue Beaubois
23%
Sacramento Kings
Francisco Garcia
23%
Washington Wizards
Kevin Seraphin
22.5%
Toronto Raptors
Linas Kleiza
21.6%
Phoenix Suns
Hakim Warrick
20.1%
Sacramento Kings
Donte Greene
19.6%
Charlotte Bobcats
Byron Mullens
19.6%
Boston Celtics
Chris Wilcox
16.7%
Detroit Pistons
Austin Daye
16.7%
Toronto Raptors
Aaron Gray
16.7%
Washington Wizards
Chris Singleton
16.7%
Atlanta Hawks
Vladimir Radmanovic
15.7%
Phoenix Suns
Sebastian Telfair
15.2%
Washington Wizards
Jan Vesely
15.2%
Los Angeles Clippers
Bobby Simmons
14.7%
Golden State Warriors
Charley Jenkins
14.2%
New Orleans Hornets
Gustavo Ayon
11.8%
Cleveland Cavaliers
Daniel Sloan
6.9%
Orlando Magic
Von Wafer
6.4%
Detroit Pistons
Damien Wilkins
5.9%
Golden State Warriors
Dominic McGuire
2.5%
Quiz Playlist
Details
Report
Send in Message
Add To Playlist
More Info:
As of 3/30/12. Only players that are still with the team are listed.
Classic:
Type in answers that appear in a list
Quiz Source
Last Updated: Feb 16, 2017
Quiz Scoreboard
CHALLENGE
Sign Up to Join the Scoreboard
Show All
Scores
Hide
Comments
May contain spoilers
Recently Published
1-10 Letter E Words III
by El_Dandy
Language
2m
Street Fighter Characters
by Artimus82
Gaming
60s
College Basketball Coaching Resumes
by pancakes188
Sports
9m
More to Explore
Quiz From the Vault
Featured Blog Post
Where Did the Easter Bunny Come From?
hide this ad
You Might Also Like...
Tags
Basketball Quiz
NBA Quiz
Roster
Today's Top Quizzes in Sports
Browse Sports
hide this ad
Today's Top Quizzes in NBA
Browse NBA
Top Contributed Quizzes in Sports
1
2022 World Cup Stars
2
Les meilleurs buteurs des matchs entre le PSG et l’OM
3
FIFA Club World Cup Champions
4
Les entraîneurs de l'OM et du PSG au 21e siècle
5
Criteria MLB: Left Handed Sluggers
6
2023 MLB Unique Player Accomplishments
7
AFC Teams Reveal (Wrong Answers Minefield)
8
Players with Multiple 50 Home Run Seasons
9
5-to-1: FBS Animal Nicknames
10
5-to-1: UK Sports Teams
Explore More
Trending Topics
Kpop
NBA
Disney
Anime
Marvel
Harry Potter
Crossword
Soccer
NFL
Song
Country
Pokémon
Puzzle
WWE
The Office
hide this ad
More By:
jfdan
Quiz
Plays
Rating
Category
Featured
Created
2011/2012 NBA Rosters Top 10 Minutes Per Game Players
204
5.00
Sports
Mar 30, 2012
Go to Creator's Profile
Score Distribution
Quiz Creator Spotlight
jfdan
Follow
Send a Message
Quizzes Created
-
Created Quiz Play Count
-
More By This Creator
Popular Quizzes Today
1
Find the US States - No Outlines Minefield
2
Find the Countries of Europe - No Outlines Minefield
3
The Countries of the World
4
Find the US States
5
Risky Map Clicking: Biggest States A-Z
6
US States
7
Popular People in 1961
8
Movies - When Are They Set?
More Sports Quizzes
Formula One drivers with a Single Win
Curator's Pick
Trending Quizzes
Risky Map Clicking: Least Populous States A-Z
1-10 Letter G Words
1-10 Letter F Words
Countries of the World: 200 Million BC
Risky Map Clicking: Next State Alphabetically
Recently Updated
Beyoncé Albums
pecheneg
Leaping Animals
pecheneg
Reality TV Shows (A-Z)
bhenderson79
Rickey Henderson's Hall of Fame Teammates
pecheneg
Champions League XIs: Arsenal
pecheneg
Quick Pick: Celebrities in WWE's Hall of Fame
aduchscher
A-Z Keypad Blitz II
pecheneg
Multiple Oscar Actors
pecheneg
Mystery Phrase Blitz: Oscar 'Best Actors'
pecheneg
F. Scott Fitzgerald Novels
LTH
Trending Topics
Marvel
NBA
Anime
Harry Potter
Disney
Crossword
Kpop
Pokémon
NFL
WWE
Soccer
Puzzle
Country
The Office
Song
Your Account Isn't Verified!
In order to create a playlist on Sporcle, you need to verify the email address you used during registration. Go to your
Sporcle Settings
to finish the process.
Report this User
Report this user for behavior that violates our
Community Guidelines
.
Details:
Send Report
Go to the Sporcle.com Mobile Site →
Comments